| 000 | 00752nas a22002177a 4500 | ||
|---|---|---|---|
| 999 |
_c121075 _d121075 |
||
| 001 | K121075 | ||
| 007 | ta | ||
| 008 | 190808b2019 ||||| |||| 00| 0 eng d | ||
| 041 | _aeng | ||
| 100 | _aDeBrito, Meg | ||
| 245 | _aBetting the inner-city farm | ||
| 260 | _c2019 | ||
| 490 |
_aRICS Modus _vJuly/August 2019, 7(1) |
||
| 520 | _aExamines whether urban agriculture can be a viable way to improve crop resilience and lower emissions or are the challenges of growing enough crops to support cities too great. | ||
| 650 | _ainner-city farms | ||
| 650 | _acities | ||
| 650 | _asustainability | ||
| 651 | _aUnited Kingdom 1973 | ||
| 690 |
_96268 _aRural |
||
| 856 |
_uhttps://issuu.com/ricsmodus/docs/modus_julaug19 _yAvailable free online via Issuu |
||